| 000 | 00492cam a2200181ua 4500 | ||
|---|---|---|---|
| 020 | _c90.00 | ||
| 041 |
_aeng _h |
||
| 082 |
_a005.113 _bGRA/IN |
||
| 100 | _aGraham, Neill . | ||
| 245 |
_aIntroduction to computer science programming and problem solving with PASCAL / _cNeill Graham. _hTextual Documents |
||
| 250 |
_a4 / _b. |
||
| 260 |
_aMumbai : _bJaico Publishing House , _c1988. |
||
| 300 | _a519 ; . | ||
| 365 | _a90.00 | ||
| 504 | _a | ||
| 942 | _cBK | ||
| 999 |
_c9593 _d9593 |
||